| 000 | 00545nam a2200157 a 4500 | ||
|---|---|---|---|
| 001 | 000038715 | ||
| 005 | 20201002031339.0 | ||
| 008 | 130419s2002 ck 000 0 spa d | ||
| 040 |
_aDO-SdBNP _bspa _cBNPHU |
||
| 100 | 1 |
_aCaicedo, Andrés _965021 |
|
| 245 | 1 | 0 |
_aAngelitos empantanados o historias para jovencitos / _cAndrés Caicedo. |
| 260 |
_aBogotá : _bNorma , _c2002. |
||
| 300 |
_a108, 33 p. ; _c21 cm. _c21 cm. |
||
| 563 | _aDos obras encuadernadas juntas con paginación independiente | ||
| 740 | 3 | 2 | _aA propósito de Andrés Caicedo y su obra |
| 999 |
_c38205 _d38205 |
||